La China Popular y su economía / (Record no. 105935)

MARC details
000 -LEADER
campo de control de longitud fija 00926nam a2200265 i 4500
001 - NÚMERO DE CONTROL
campo de control 105935
003 - IDENTIFICADOR DE NÚMERO DE CONTROL
campo de control ES-MaACL
005 - FECHA Y HORA DE LA ÚLTIMA TRANSACCIÓN
campo de control 20250912063047.0
007 - CAMPO FIJO DE DESCRIPCIÓN FÍSICA--INFORMACIÓN GENERAL
campo de control de longitud fija t|
008 - DATOS DE LONGITUD FIJA--INFORMACIÓN GENERAL
campo de control de longitud fija 060913s1961 mx ||||1| spa d
080 ## - NÚMERO DE LA CLASIFICACIÓN DECIMAL UNIVERSAL
Número de la Clasificación Decimal Universal 338.1(510)
100 1# - ENTRADA PRINCIPAL--NOMBRE DE PERSONA
Nombre de persona Hughes, T. J.
9 (RLIN) 64618
245 13 - MENCIÓN DEL TÍTULO
Título La China Popular y su economía /
Mención de responsabilidad, etc. T.J. Hughes y D.E.T. Luard ; [traducción de Rodolfo Villarreal].
250 ## - MENCION DE EDICION
Mención de edición 1ª ed. en español (puesta al día).
260 ## - PUBLICACIÓN, DISTRIBUCIÓN, ETC.
Lugar de publicación, distribución, etc. México :
Nombre del editor, distribuidor, etc. Fondo de Cultura Económica,
Fecha de publicación, distribución, etc. 1961.
300 ## - DESCRIPCIÓN FÍSICA
Extensión 278 p. ;
Dimensiones 17 cm.
490 1# - MENCIÓN DE SERIE
Mención de serie Colección popular (Fondo de Cultura Económica) ;
Designación de volumen o secuencia 26
RLIN 241328
651 ## - PUNTO DE ACCESO ADICIONAL DE MATERIA--NOMBRE GEOGRÁFICO
Nombre geográfico China-
Subdivisión general Situación económica.
9 (RLIN) 8062
651 #4 - PUNTO DE ACCESO ADICIONAL DE MATERIA--NOMBRE GEOGRÁFICO
Nombre geográfico China-
Subdivisión general Política económica-
Subdivisión cronológica 1949-
9 (RLIN) 8054
700 1# - ENTRADA AGREGADA--NOMBRE PERSONAL
Nombre de persona Luard, D. E. T.
9 (RLIN) 74487
700 1# - ENTRADA AGREGADA--NOMBRE PERSONAL
Nombre de persona Villarreal, Rodolfo.
9 (RLIN) 115135
852 ## - LOCALIZACIÓN
Ubicación ES-MaACL
Número de control de estantería AND-954
Nota libre Biblioteca Juan Andrade
942 ## - ELEMENTOS DE ENTRADA SECUNDARIOS (KOHA)
Fuente del sistema de clasificación o colocación Clasificación decimal universal
Holdings
Estatus retirado Estado de pérdida Estado de daño No para préstamo Biblioteca de origen Biblioteca actual Ubicación en estantería Fecha de adquisición Fuente de adquisición Total de préstamos Signatura topográfica completa Código de barras Visto por última vez Precio de reemplazo Tipo de ítem Koha
        Biblioteca del Ateneo de Madrid Biblioteca del Ateneo de Madrid Depósito 2 17/01/2008     AND-954 1110597 23/02/2023 23/02/2023 Libro impreso